|
|
|
|
| LEADER |
00794nam a22001937a 4500 |
| 008 |
130729b xxu||||| |||| 00| 0 eng d |
| 020 |
|
|
|a 9789381788783
|
| 082 |
|
|
|a 843 GEN/MOO
|
| 100 |
|
|
|a ജെനെറ്റ്, ജീന്
|
| 240 |
|
|
|a Oru moshtavinte dinakkurippukal
|
| 245 |
|
|
|a ഒരു മോഷ്ടാവിന്െറ ദിനക്കുറിപ്പുകള്
|c എന്. മൂസക്കുട്ടി
|
| 246 |
|
|
|a Thiefs journal
|
| 300 |
|
|
|a 306p.
|
| 600 |
|
|
|a Genett, Jean
|
| 650 |
|
|
|a Autobiographical novel
|
| 650 |
|
|
|a Autobiography
|
| 942 |
|
|
|2 ddc
|c BK
|
| 999 |
|
|
|c 2080
|d 2080
|
| 952 |
|
|
|0 0
|1 0
|2 ddc
|4 0
|6 843_000000000000000_GENMOO
|7 0
|9 2388
|a MAIN
|b MAIN
|d 2013-07-29
|e Prabhath Book House
|g 210.00
|l 11
|o 843 GEN/MOO
|p 2296
|r 2018-06-22
|s 2018-06-20
|w 2013-07-29
|y BK
|